000 00280nam a2200109Ia 4500
008 230907s9999||||xx |||||||||||||| ||und||
082 _a658.15
_bLAS
100 _aLasher, William,
_9116003
245 0 _aPractical financial management /
300 _axxi, 851 pages :
942 _cBK
999 _c600721
_d600721